| 000 | 01933nam a2200565 i 4500 | ||
|---|---|---|---|
| 001 | 22502 | ||
| 003 | KOSZ 005 | ||
| 005 | 20220908111053.0 | ||
| 008 | 220908s1983 pl a g f 000 0 pol | ||
| 015 | _aUWD 1983/8874 | ||
| 020 | _a8301000295 | ||
| 035 | _a991009359489705066 | ||
| 035 | _a(PL-WaBN)b12535874-48omnis_nlop | ||
| 035 | _ab12535874 | ||
| 035 | _a(OCoLC)830220118 | ||
| 035 | _a(PL)b0000001253587 | ||
| 035 | _a(EXLNZ-48OMNIS_NETWORK)9910219677805606 | ||
| 040 |
_aWA N _cWA N _dKOSZ 005/HR _dKOSZ 005/RW |
||
| 046 | _k1971 | ||
| 080 | _a002.2(091) | ||
| 080 | _a091 | ||
| 080 | _a02".../14" | ||
| 080 | _a(075.8) | ||
| 100 | 1 |
_aGłombiowski, Karol _d(1913-1986) _eAutor |
|
| 245 | 1 | 0 |
_aKsiążka rękopiśmienna i biblioteka w starożytności i średniowieczu / _cKarol Głombiowski, Helena Szwejkowska. |
| 250 | _aWydanie 3. | ||
| 260 |
_aWarszawa ; _aWrocław : _bPaństwowe Wydawnictwo Naukowe, _c1983. |
||
| 300 |
_a166, [2] stron : _bfotografie, rysunki ; _c24 cm. |
||
| 336 |
_aTekst _btxt _2rdacontent |
||
| 337 |
_aBez urządzenia pośredniczącego _bn _2rdamedia |
||
| 338 |
_aWolumin _bnc _2rdacarrier |
||
| 380 | _aKsiążki | ||
| 380 | _aPublikacje dydaktyczne | ||
| 385 |
_mPoziom nauczania _aSzkoły wyższe |
||
| 388 | 1 | _a1901-2000 | |
| 388 | 1 | _a1945-1989 | |
| 504 | _aBibliografia na stronach 161-[167]. | ||
| 650 | 7 |
_aBibliotekarstwo _2DBN |
|
| 650 | 7 | _aHistoria | |
| 655 | 7 |
_aRękopisy _2DBN |
|
| 655 | 7 | _aKsiążki | |
| 655 | 7 | _aPodręczniki akademickie | |
| 658 | _aBibliotekarstwo, archiwistyka, muzealnictwo | ||
| 658 | _aHistoria | ||
| 700 | 1 |
_aSzwejkowska, Helena _d(1904-1987) _eAutor |
|
| 710 | 2 |
_aPaństwowe Wydawnictwo Naukowe _4pbl |
|
| 856 |
_uhttp://koha.tu.koszalin.pl/cgi-bin/koha/opac-detail.pl?biblionumber=22502 _yKatalog online BPK |
||
| 942 |
_2UKD _cKS |
||
| 999 |
_c22502 _d22502 |
||